00539nam a22001697a 450000500170000001000150001702000110003203500130004303700130005608200100006910000230007924500790010226000370018127000820021830000290030050000400032920100823123651.0 aENG-101340 c170.00 aEN-84873 bDBAD/PUB a808.9 aRay, Nalini Ranjan aKoch rajbanshi and Kamtapuri :bthe truth unveiled /cby Nalini Ranjan Ray aGuwahatibVicky Publishersc2007 a4th Floor, Saraswati Apartments, Chilaraj Nagar, BhangagarhbGuwahatie781005 a245 p. :c24cm (Hb)bill aIncludes bibliographical references